Quiz sur l'Amérique du Sud - Statistiques

Statistiques générales
  • Ce quiz a été pris 57 fois
  • Le résultat moyen est 11 sur 20
Statistiques - réponses
Indices Réponses % Correct
Nombre de pays en Amérique du Sud. 12 pays
96%
Noms donné aux bidonvilles brésiliens. Favelas
78%
Plus grande ville d'Amérique du Sud. São Paulo
78%
L'une des sept nouvelles merveilles du monde se trouve au Pérou. Machu Picchu
75%
Ville ayant accueilli les Jeux Olympiques en 2016. Rio de Janeiro
75%
Sport le plus populaire en Uruguay. Football
73%
Dictateur au pouvoir au Chili entre 1973 et 1990. Augusto Pinochet
71%
Capitale du Paraguay. Asunción
69%
Nom de la plus longue chaîne de montagnes continentale. Cordillère des Andes
69%
Langue officielle du Suriname. Néerlandais
65%
Le Guyana est une ancienne colonie de ce pays. Royaume-Uni
55%
Nom donné au programme des fusées européennes basé en Guyane. Ariane
53%
Archipel d'îles appartenant à l'Equateur. Galápagos
53%
Pierre précieuse la plus produite en Colombie. Emeraude
51%
Mont le plus haut d'Amérique du Sud, situé en Argentine. Aconcagua
35%
Désert le plus aride au monde. Atacama
31%
Nombre de langues officielles en Bolivie. 37 langues officielles
25%
Ethnie majoritaire dans l'Empire Inca. Quechua
25%
Opposante vénézuélienne ayant reçue le prix Nobel de la paix en octobre 2025. María Corina Machado
8%
Grande région agricole brésilienne. Mato Grosso
8%
Aucun quiz correspondant
Distribution des résultats
% des personnes avec chaque résultat
Percentile par nombre de réponses
Votre historique - résultats
Vous n’avez pas pris ce quiz